Fundamentos de zoología y entomología aplicada : Tomo I /
Guardado en:
| Autor Principal: | |
|---|---|
| Otros Autores: | , |
| Formato: | Libro |
| Idioma: | Spanish |
| Publicado: |
Lomas de Zamora :
Facultad de Ciencias Agrarias. Universidad Nacional de Lomas de Zamora,
2001.
|
| Materias: | |
| Etiquetas: |
Agregar Etiqueta
Sin Etiquetas, Sea el primero en etiquetar este registro!
|
| LEADER | 01026nam a22002175a 4500 | ||
|---|---|---|---|
| 001 | EEA.libagro008458 | ||
| 005 | 20171003130826.0 | ||
| 008 | 130809s2001####ag#a##########000#0#spa#d | ||
| 020 | |a 9879455150 | ||
| 082 | 0 | 4 | |a 595.7 |
| 100 | 1 | |a Mariategui, Pedro Guillermo. | |
| 245 | 1 | 0 | |a Fundamentos de zoología y entomología aplicada : |b Tomo I / |c Pedro Guillermo Mariategui, Claudio Speicys, Néstor Urretabizcaya. |
| 260 | |a Lomas de Zamora : |b Facultad de Ciencias Agrarias. Universidad Nacional de Lomas de Zamora, |c 2001. | ||
| 300 | |a 148 p. : |b il. ; |c 26 cm. | ||
| 505 | 0 | |a Prólogo -- Taxonomía zoológica -- Phyllum Artrópodos -- Orden Acari -- Clase Insecta -- Orden Tisanópteros -- Orden Phthirapthera -- Orden Siphonaptera -- Orden Hemípteros -- Orden Ortópteros -- Bibliografía. | |
| 650 | 7 | |a Anatomía animal |2 agrovoc | |
| 650 | 7 | |a Fisiología animal |2 agrovoc | |
| 650 | 7 | |a Taxonomía |2 agrovoc | |
| 700 | 1 | |a Speicys, Claudio. | |
| 700 | 1 | |a Urretabizcaya, Néstor. | |
| 859 | |a AR-BbBCA |b BIB. AGRONOMIA |h 595.7 |i M332 |p 2011/5871 | ||
